| 000 | 00588nam a2200217 a 4500 | ||
|---|---|---|---|
| 005 | 20230221063559.0 | ||
| 008 | 060512s2004 mx r 000 0 spa d | ||
| 020 | _a970350681X (Obra completa) | ||
| 020 | _a9703506828 (vol.1) | ||
| 035 | _aUPN01000144440 | ||
| 049 | _aCG | ||
| 050 | 4 |
_aLB1027 _bI6.7 |
|
| 245 | 0 | 0 |
_aInterdisciplina : _bescuela y arte. |
| 260 |
_aMéxico : _bCONACULTA, _c2004. |
||
| 300 | _av. | ||
| 440 | 0 | _aConjunciones | |
| 505 | 8 |
_av.1. _gAntología |
|
| 650 | 4 |
_aInnovaciones educativas _9386 |
|
| 650 | 2 |
_aPlanificación curricular _95734 |
|
| 905 | _aLibro | ||
| 999 |
_c116587 _d116587 |
||